ბათუმის შოთა რუსთაველის სახელმწიფო უნივერსიტეტის ბიბლიოთეკა

ქართული სამართლის ჟურნალი : (ბიბ.ჩანაწერი № 57356)

000 -LEADER
fixed length control field 01339nam a22002057a 4500
005 - DATE AND TIME OF LATEST TRANSACTION
control field 20200601144116.0
008 - FIXED-LENGTH DATA ELEMENTS--GENERAL INFORMATION
fixed length control field 200601c2018 ge ||||| |||| 00| 0 geo d
022 ## - INTERNATIONAL STANDARD SERIAL NUMBER
International Standard Serial Number 25874594
041 ## - LANGUAGE CODE
Language code of text/sound track or separate title geo
245 ## - TITLE STATEMENT
Title ქართული სამართლის ჟურნალი :
Remainder of title ქართულ-ნორვეგიული კანონის უზენაესობის ასოციაციის პერიოდული გამოცემა; № 1; 2018 /
Statement of responsibility, etc. რედ. თეიმურაზ ანთელავა, თომას ფრობერგი; თარგმ. ეკა მეშველიანი
260 ## - PUBLICATION, DISTRIBUTION, ETC.
Place of publication, distribution, etc. თბილისი,
Date of publication, distribution, etc. 2018.
300 ## - PHYSICAL DESCRIPTION
Extent V.
500 ## - GENERAL NOTE
General note ჟურნალის მეორე ყდა არის ინგლისურენოვანი
653 ## - INDEX TERM--UNCONTROLLED
Uncontrolled term სამართალი
700 ## - ADDED ENTRY--PERSONAL NAME
Personal name ანთელავა, თეიმურაზ
Relator term რედაქტორი
9 (RLIN) 5274
700 ## - ADDED ENTRY--PERSONAL NAME
Personal name ფრობერგი, თომას
Relator term რედაქტორი
9 (RLIN) 8266
700 ## - ADDED ENTRY--PERSONAL NAME
Personal name მეშველიანი, ეკა
Relator term მთაგმნელი
9 (RLIN) 8267
856 ## - ELECTRONIC LOCATION AND ACCESS
Uniform Resource Identifier http://genolaw.ideadesigngroup.ge/uploads/publications/journals/1556104163GLJ-Journal-2-GEO-web.pdf
Link text ელ. ვერსია pdf
942 ## - ADDED ENTRY ELEMENTS (KOHA)
Source of classification or shelving scheme
Koha item type პერიოდიკა
ეგზემპლარები
Withdrawn status Lost status Source of classification or shelving scheme Damaged status Not for loan Permanent Location Current Location Shelving location Date acquired Serial Enumeration / chronology Barcode Date last seen Copy number Price effective from Koha item type
          ბათუმის შოთა რუსთაველის სახელმწიფო უნივერსიტეტის მთავარი ბიბლიოთეკა ბათუმის შოთა რუსთაველის სახელმწიფო უნივერსიტეტის მთავარი ბიბლიოთეკა წიგნსაცავი 2020-06-01 # 1 (2018) 80611 2020-06-01 80611 2020-06-01 პერიოდიკა
          ბათუმის შოთა რუსთაველის სახელმწიფო უნივერსიტეტის მთავარი ბიბლიოთეკა ბათუმის შოთა რუსთაველის სახელმწიფო უნივერსიტეტის მთავარი ბიბლიოთეკა წიგნსაცავი 2020-06-01 # 1 (2018) 80610 2020-06-01 80610 2020-06-01 პერიოდიკა
          ბათუმის შოთა რუსთაველის სახელმწიფო უნივერსიტეტის მთავარი ბიბლიოთეკა ბათუმის შოთა რუსთაველის სახელმწიფო უნივერსიტეტის მთავარი ბიბლიოთეკა წიგნსაცავი 2020-06-01 # 1 (2018) 80609 2020-06-01 80609 2020-06-01 პერიოდიკა
          ბათუმის შოთა რუსთაველის სახელმწიფო უნივერსიტეტის მთავარი ბიბლიოთეკა ბათუმის შოთა რუსთაველის სახელმწიფო უნივერსიტეტის მთავარი ბიბლიოთეკა წიგნსაცავი 2020-06-01 # 1 (2018) 80608 2020-06-01 80608 2020-06-01 პერიოდიკა
          ბათუმის შოთა რუსთაველის სახელმწიფო უნივერსიტეტის მთავარი ბიბლიოთეკა ბათუმის შოთა რუსთაველის სახელმწიფო უნივერსიტეტის მთავარი ბიბლიოთეკა წიგნსაცავი 2020-06-01 # 1 (2018) 80607 2020-06-01 80607 2020-06-01 პერიოდიკა
          ბათუმის შოთა რუსთაველის სახელმწიფო უნივერსიტეტის მთავარი ბიბლიოთეკა ბათუმის შოთა რუსთაველის სახელმწიფო უნივერსიტეტის მთავარი ბიბლიოთეკა წიგნსაცავი 2020-06-01 # 1 (2018) 80606 2020-06-01 80606 2020-06-01 პერიოდიკა
          ბათუმის შოთა რუსთაველის სახელმწიფო უნივერსიტეტის მთავარი ბიბლიოთეკა ბათუმის შოთა რუსთაველის სახელმწიფო უნივერსიტეტის მთავარი ბიბლიოთეკა წიგნსაცავი 2020-06-01 # 1 (2018) 80605 2020-06-01 80605 2020-06-01 პერიოდიკა
          ბათუმის შოთა რუსთაველის სახელმწიფო უნივერსიტეტის მთავარი ბიბლიოთეკა ბათუმის შოთა რუსთაველის სახელმწიფო უნივერსიტეტის მთავარი ბიბლიოთეკა წიგნსაცავი 2020-06-01 # 1 (2018) 80604 2020-06-01 80604 2020-06-01 პერიოდიკა